| 000 | 00750nam a2200229 a 4500 | ||
|---|---|---|---|
| 001 | 1781 | ||
| 003 | BD-RjUL | ||
| 005 | 20211208233418.0 | ||
| 008 | 131209s19651963nyuab b 00110 eng d | ||
| 035 | _a(BD-RjUL)1808 | ||
| 040 |
_aBD-RjUL _beng _cBD-RjUL _dBD-RjUL |
||
| 041 | _aeng | ||
| 082 | 0 | 0 |
_a327.73 _bBAV 1965 _223 |
| 100 | 1 | 0 |
_aBator, Victor, _d1891-. _95902 |
| 245 | 1 | 0 |
_aVietnam, a diplomatic tragedy : _bthe origins of the United States involvement / _cby Victor Bator. |
| 260 | 0 |
_aDobbs Ferry, N.Y. : _bOceana Publications, _c1965. |
|
| 300 |
_axv, 271p. : _bill ; _c21cm. |
||
| 504 | _aBibliography: p.251-252. | ||
| 650 | 0 |
_aVietnam War, 1961-1975. _95903 |
|
| 651 | 0 |
_aUnited States _xForeign relations _y1953-1961. _95904 |
|
| 942 |
_2ddc _cBK |
||
| 999 |
_c1781 _d1781 |
||